| 000 | 00000nas 2200000zi 4500 |
| 001 | 9.950257 |
| 003 | CaOODSP |
| 005 | 20250521141900 |
| 006 | m o d f |
| 007 | cr mn||||||||| |
| 008 | 250417c20139999oncmr m obs f0###|0fre|d |
| 022 | |a1209-1375 |
| 040 | |aCaOODSP|bfre|erda|cCaOODSP |
| 043 | |an-cn--- |
| 086 | 1 |aCS82-003F-PDF |
| 130 | 0 |aRapports sur la santé (Collection) |
| 245 | 10|aRapports sur la santé. |
| 264 | 1|a[Ottawa] : |bStatistique Canada = Statistics Canada, |c2013- |
| 310 | |aMensuel |
| 336 | |atexte|btxt|2rdacontent/fre |
| 337 | |ainformatique|bc|2rdamedia/fre |
| 338 | |aressource en ligne|bcr|2rdacarrier/fre |
| 362 | 1 |aParaît depuis : vol. 24, no. 1 (janvier 2013). |
| 500 | |aVol. 1, no. 1 (octobre 1989)-vol. 23, no. 4 (décembre 2012) traités comme des périodiques. |
| 500 | |aPublié aussi en anglais sous le titre : Health reports. |
| 588 | |aDescription d'après : vol. 24, no. 1 (janvier 2013) ; titre de la page couverture du fichier PDF. |
| 588 | |aDernière livraison consultée : vol. 36, no. 4, (avril 2025) |
| 650 | 6|aSanté|xRecherche|zCanada|vStatistiques. |
| 655 | 7|aStatistiques|2rvmgf |
| 710 | 2 |aStatistique Canada, |eorganisme de publication. |
| 775 | 08|tHealth reports.|w(CaOODSP)9.950253 |
| 856 | 40|qHTML|sS.O.|uhttps://www150.statcan.gc.ca/n1/fr/catalogue/82-003-X |
| 986 | |a82-003-X |